Naissance d’une équipe (notice n° 1642831)
[ vue normale ]
| 000 -LEADER | |
|---|---|
| fixed length control field | 01353cam a2200241 4500500 |
| 005 - DATE AND TIME OF LATEST TRANSACTION | |
| control field | 20260201142729.0 |
| 041 ## - LANGUAGE CODE | |
| Language code of text/sound track or separate title | fre |
| 042 ## - AUTHENTICATION CODE | |
| Authentication code | dc |
| 100 10 - MAIN ENTRY--PERSONAL NAME | |
| Personal name | Bauce, Yohann |
| Relator term | author |
| 245 00 - TITLE STATEMENT | |
| Title | Naissance d’une équipe |
| 260 ## - PUBLICATION, DISTRIBUTION, ETC. | |
| Date of publication, distribution, etc. | 2015.<br/> |
| 500 ## - GENERAL NOTE | |
| General note | 53 |
| 520 ## - SUMMARY, ETC. | |
| Summary, etc. | Les itep accueillent des adolescents très hétérogènes au regard des pathologies.Le faire ensemble est l’acte fondateur du rugby et celui-ci apparaît comme une médiation thérapeutique pertinente. L’atelier rugby est structuré de façon rigoureuse, avec un cadre précis et des étapes systématiques. La médiation rugby conduit progressivement les jeunes du plaisir d’agir au plaisir d’anticiper, de penser, de projeter. L’atelier se révèle tout à la fois soignant sur les plans corporel, affectif, psychologique et cognitif, mais aussi fédérateur d’un groupe et d’une dynamique collective qui va transformer la juxtaposition d’individus en une véritable équipe sportive. |
| 690 ## - LOCAL SUBJECT ADDED ENTRY--TOPICAL TERM (OCLC, RLIN) | |
| Topical term or geographic name as entry element | dynamique collective |
| 690 ## - LOCAL SUBJECT ADDED ENTRY--TOPICAL TERM (OCLC, RLIN) | |
| Topical term or geographic name as entry element | itep |
| 690 ## - LOCAL SUBJECT ADDED ENTRY--TOPICAL TERM (OCLC, RLIN) | |
| Topical term or geographic name as entry element | normes sociales |
| 690 ## - LOCAL SUBJECT ADDED ENTRY--TOPICAL TERM (OCLC, RLIN) | |
| Topical term or geographic name as entry element | rugby soignant |
| 690 ## - LOCAL SUBJECT ADDED ENTRY--TOPICAL TERM (OCLC, RLIN) | |
| Topical term or geographic name as entry element | sécurisation |
| 690 ## - LOCAL SUBJECT ADDED ENTRY--TOPICAL TERM (OCLC, RLIN) | |
| Topical term or geographic name as entry element | violence |
| 700 10 - ADDED ENTRY--PERSONAL NAME | |
| Personal name | Matéos, Julien |
| Relator term | author |
| 786 0# - DATA SOURCE ENTRY | |
| Note | Empan | 99 | 3 | 2015-08-28 | p. 91-97 | 1152-3336 |
| 856 41 - ELECTRONIC LOCATION AND ACCESS | |
| Uniform Resource Identifier | <a href="https://shs.cairn.info/revue-empan-2015-3-page-91?lang=fr&redirect-ssocas=7080">https://shs.cairn.info/revue-empan-2015-3-page-91?lang=fr&redirect-ssocas=7080</a> |
Pas d'exemplaire disponible.




Réseaux sociaux